📖✒ "Je suis comme je suis" Prévert - Statistiques

Statistiques générales
  • Ce quiz a Ă©tĂ© pris 27 fois
  • Le rĂ©sultat moyen est 111 sur 169
Statistiques - réponses
Mots % Correct
j'
100%
J'
100%
s'
100%
suis
100%
comme
89%
Comme
89%
Et
89%
Je
89%
je
89%
Ă 
78%
a
78%
arrivé
78%
ça
78%
ce
78%
Ce
78%
Est-
78%
est
78%
est-
78%
faite
78%
m'
78%
ma
78%
Ma
78%
Qu'
78%
ai
67%
de
67%
faute
67%
le
67%
me
67%
mĂŞme
67%
moi
67%
n'
67%
pas
67%
plus
67%
pour
67%
Quand
67%
Que
67%
que
67%
qui
67%
Si
67%
sont
67%
un
67%
vous
67%
aime
56%
aimé
56%
aimée
56%
aux
56%
celui
56%
changer
56%
changer.
56%
chaque
56%
éclats
56%
faire
56%
fois
56%
Oui
56%
peut
56%
plais
56%
ris
56%
trop
56%
voulez-
56%
aiment
44%
enfants
44%
envie
44%
les
44%
Mes
44%
mes
44%
puis
44%
quelqu'
44%
rien
44%
rire
44%
seins
44%
y
44%
yeux
44%
aimer
33%
Aimer
33%
aimer...
33%
beaucoup
33%
lĂ 
33%
plaire
33%
savent
33%
taille
33%
cambrée
22%
durs
22%
hauts
22%
Simplement
22%
talons
22%
Pourquoi
11%
après
0%
cernés
0%
questionner
0%
Aucun quiz correspondant
Distribution des résultats
% des personnes avec chaque résultat
Percentile par nombre de réponses
Votre historique - résultats
Vous n’avez pas pris ce quiz